Windows XP. От простого к сложному: самоучитель

Бібліографічні деталі
Автор: Белоусов А. А. Антон Алексеевич
Резюме:Исключено из фонда НТБ ТПУ
Мова:Російська
Опубліковано: СПб., Питер, 2006
Серія:Самоучитель
Формат: MixedMaterials Книга
KOHA link:https://koha.lib.tpu.ru/cgi-bin/koha/opac-detail.pl?biblionumber=110388

MARC

LEADER 00000nam0a2200000 4500
001 110388
005 20231031120439.0
010 |a 5469014118 
035 |a (RuTPU)RU\TPU\book\119218 
090 |a 110388 
100 |a 20070222d2006 m y0rusy50 ca 
101 0 |a rus 
102 |a RU 
105 |a a j 001zy 
200 1 |a Windows XP. От простого к сложному  |e самоучитель  |f А. А. Белоусов 
210 |a СПб.  |c Питер  |d 2006 
215 |a 284 с.  |c ил. 
225 1 |a Самоучитель 
320 |a Имен. указ.: с. 279-283. 
333 |a Исключено из фонда НТБ ТПУ 
700 1 |a Белоусов  |b А. А.  |g Антон Алексеевич 
801 1 |a RU  |b 63413507  |c 20070222  |g PSBO 
801 2 |a RU  |b 63413507  |c 20150905  |g PSBO 
942 |c BK 
959 |a 22/20070222  |d 1  |e 156,00  |f ЧЗТЛ:1